000 00358 a2200169 4500
001 183953
020 _a85-7666-159-4
040 _cMagnum
100 _aBraga, Edson Rocha
240 1 0 _aOs lusíadas
_lpor
245 1 0 _aOs lusíadas
300 _a76
362 0 _a2005
440 1 _aScipione
697 _aLITERATURA JUVENIL ESTRANGEIRA
942 _cBK
999 _c183953
_d183953